[Event "FRA-ch U14 Girls"]
[Site "Hyeres"]
[Date "2019.04.14"]
[Round "1"]
[White "Le Boulicaut, Annaelle"]
[Black "Nguyen, Thao Nhi"]
[Result "0-1"]
[WhiteElo "1253"]
[BlackElo "1803"]
[PlyCount "136"]
[EventDate "2019.04.14"]
[EventType "swiss"]
[EventRounds "9"]
[EventCountry "FRA"]
[SourceTitle "CBM 190 Extra"]
[Source "ChessBase"]
[SourceDate "2019.07.15"]
[SourceVersion "1"]
[SourceVersionDate "2019.07.15"]
[SourceQuality "1"]

1. e4 Nf6 2. Nc3 d5 3. exd5 Nxd5 4. Nf3 Bg4 5. Bc4 e6 6. d4 Be7 7. Bxd5 exd5 8. 0-0 0-0 9. Bf4 c6 10. Qd3 Nd7 11. Rfe1 Re8 12. h3 Bxf3 13. Qxf3 Qb6 14. Rad1 Bf6 15. Rxe8+ Rxe8 16. Na4 Qb4 17. Nc3 Bxd4 18. a3 Qc4 19. Qg4 Nf6 20. Qg3 Nh5 21. Qf3 Bxc3 22. Qxh5 Bxb2 23. Qf3 Qxc2 24. Rd2 Qb1+ 25. Rd1 Qe4 26. Qg3 Bf6 27. Be3 d4 28. Bg5 Be5 29. Qb3 Bd6 30. Rf1 Qe5 31. f4 Qe3+ 32. Qxe3 dxe3 33. Re1 e2 34. Kf2 Bc5+ 35. Kf3 Re3+ 36. Kf2 f6 37. Bh4 Rxh3+ 38. Kxe2 Rxh4 39. Kf3 Kf7 40. a4 Rh5 41. Rd1 Rd5 42. Rb1 Bb6 43. g3 Rd3+ 44. Kg4 Ra3 45. Rb4 a5 46. Rxb6 Rxa4 47. Rxb7+ Kg6 48. Rc7 Rc4 49. Rd7 a4 50. Rd3 c5 51. Ra3 h5+ 52. Kh4 Kh6 53. Rd3 g5+ 54. Kh3 Rd4 55. Rc3 gxf4 56. gxf4 c4 57. Kg3 Rd3+ 58. Rxd3 cxd3 59. Kf3 a3 60. Ke3 a2 61. Kxd3 a1Q 62. Ke4 Qa5 63. Kf3 h4 64. Kg4 Kg6 65. Kxh4 Qc3 66. Kg4 f5+ 67. Kh4 Kf6 68. Kh5 Qh3# 0-1